000 00264nam a2200109Ia 4500
008 200302s9999 xx 000 0 und d
100 _aJurgen Tietz
245 _aThe Story of Modern Architecture
260 _bTandem Verlag Gmbh
260 _c2008
300 _a127 p.,
999 _c4032
_d4032